01157cam a22003255a 4500001001000000003000400010005001700014008004100031020003000072020002700102040003600129082001900165100003000184245007100214250004300285250000600328260005100334300005100385500002400436500002700460504004100487650003100528650003900559651001000598653001900608700002900627942000800656999001700664952015000681016601828OSt20160504161324.0160201t2014 enka frbd 001 0 eng d a9781292042435 (paperback) a1292042435 (paperback) aStDuBDSbengcStDuBDSdEG-ScBUE04a617.6bTHO2221 aThomson, Evelyn M.93992410aEssentials of dental radiography /cEvelyn Thomson, Orlen Johnson. a9th ed., Pearson new international ed. a. aHarlow : bPearson Education Limited,cc.2014. aii, 454 p. :bill. (black and white) ;c28 cm. aIndex : p. 447-453. aGlossary : p. 431-446. aIncludes bibliographical references. 0aTeethxRadiography.2BUEsh 0aDental auxiliary personnel.xBUEsh 2BUEsh bDDentcMay20161 aJohnson, Orlen N.939926 2ddc c21706d21678 00102ddc40708AlahramaMAINbMAINc1STd2016-05-04ePurchaseg295.00l2m41o617.6 THOp000032442r2025-07-15 00:00:00s2018-10-21v368.75yBB